000 01453nam a2200253Ia 4500
003 Ost
005 20260507075413.0
008 260507s9999||||xx |||||||||||||| ||und||
020 _a978977627451
040 _cfsecg
041 _aara
082 _a330
100 _aالنصر، محمد
_eمؤلف
245 0 _aمبادئ الإقتصاد /
_c محمد النصر
260 _aالقاهرة:
_bالشركة العربية المتحدة للتسويق والتوريدات,
_c2008
300 _a472 صفحة؛
_bإيضاحات ؛
_c24 سم
504 _aالمراجع ص.472
520 _aيضم مدخل إلى علم الاقتصاد وبعض المفاهيم الاقتصادية، الأسواق والتوازن، الطلب والعرض والمرونة والتوازن، سلوك المستهلك والمنفعة ومنحنيات السواء، الانتاج والتكاليف في المدى القصير والمدى الطويل، سوق المنافسة الكاملة واشتقاق منحنى العرض، الأسواق الاحتكارية، الاحتكار التام وإحتكار القلة والمنافسة الاحتكارية، توزيع الدخل، الأجور والريع والفائدة والربح
653 _aالإقتصاد
653 _aالتكاليف
653 _aالمنافسة الإحتكارية
700 _aالسروجي، فتحي
_eمؤلف ثانوي
942 _cكتاب
999 _c44433
_d44433